Lily Alone Sometimes Lily Wishes She Really Was Home Alone (Record no. 586314)

000 -LEADER
fixed length control field 00384nam a22001337a 4500
020 ## - INTERNATIONAL STANDARD BOOK NUMBER
International Standard Book Number 9780440869252
040 ## - CATALOGING SOURCE
Transcribing agency NUST
082 ## - DEWEY DECIMAL CLASSIFICATION NUMBER
Classification number 823-CH
Author Mark WIL
100 ## - MAIN ENTRY--PERSONAL NAME
Personal name Wilson, Jacqueline
9 (RLIN) 81947
110 ## - MAIN ENTRY--CORPORATE NAME
Corporate name or jurisdiction name as entry element Sharratt, Nick
9 (RLIN) 81950
245 ## - TITLE STATEMENT
Title Lily Alone Sometimes Lily Wishes She Really Was Home Alone
260 ## - PUBLICATION, DISTRIBUTION, ETC.
Place of publication, distribution, etc. London:
Name of publisher, distributor, etc. Corgi Books Penguin Rendom House,
Date of publication, distribution, etc. 2011.
942 ## - ADDED ENTRY ELEMENTS (KOHA)
Source of classification or shelving scheme
Koha item type Book
Holdings
Withdrawn status Lost status Source of classification or shelving scheme Damaged status Not for loan Permanent Location Current Location Shelving location Date acquired Shelving control number Full call number Barcode Date last seen Price effective from Koha item type Public note
          College of Electrical & Mechanical Engineering (CEME) College of Electrical & Mechanical Engineering (CEME) Fiction 08/31/2021 English Literature 823-CH WIL CEME-50290 08/31/2021 08/31/2021 Book CART-4
© 2023 Central Library, National University of Sciences and Technology. All Rights Reserved.